000 00846cab a2200193 4500
001 ##L132767
008 060307n2006 000 0 eng u
035 _a(Sirsi) u132767
041 0 _aeng
100 1 _aBirch, Julian
245 0 0 _aWhat goes up must go up?
260 _c2006
490 0 _aRoof
_v31(2) March/April 2006, 26-31(6)
520 _aThe latest "Roof" housing market healthcheck reports that house prices are bouncing back despite a crisis in affordability for first-time buyers. Asks whether young buyers will continue to be squeezed out with the supply of new homes restricted and demand boosted by buy-to-let investor? Tables include the latest "Roof" affordability index.
590 _aIKA140306
650 2 4 _aROOF AFFORDABILITY INDEX
690 _aPROPERTY-RESIDENTIAL PROPERTY-RESIDENTIAL PROPERTY MARKET
942 _n0
999 _c76615
_d76615